|
|
|
|
| LEADER |
01253nam a2200325 a 4500 |
| 001 |
1560 |
| 003 |
BD-DhAAL |
| 005 |
20150521110816.0 |
| 008 |
150521s1994 cau b 001 0 eng |
| 010 |
|
|
|a 94015629
|
| 020 |
|
|
|a 0803955642
|
| 020 |
|
|
|a 0803955650 (pbk.)
|
| 040 |
|
|
|a DLC
|c DLC
|d DLC
|d BD-DhAAL
|
| 050 |
0 |
0 |
|a RG560
|b .U53 1994
|
| 082 |
0 |
0 |
|a 155.6/463
|2 20
|
| 245 |
0 |
0 |
|a Uncertain motherhood :
|b negotiating the risks of the childbearing years /
|c editors, Peggy Anne Field, Patricia Beryl Marck.
|
| 260 |
|
|
|a Thousand Oaks, Calif. :
|b Sage Publications,
|c c1994.
|
| 300 |
|
|
|a x, 310 p. ;
|c 23 cm.
|
| 504 |
|
|
|a Includes bibliographical references and indexes.
|
| 541 |
|
|
|e 1560
|
| 650 |
|
0 |
|a Pregnancy
|x Psychological aspects.
|9 11241
|
| 650 |
|
0 |
|a Uncertainty.
|9 11242
|
| 650 |
|
0 |
|a Motherhood
|x Psychological aspects.
|9 11243
|
| 650 |
|
0 |
|a Mother and infant.
|9 11244
|
| 650 |
|
0 |
|a Pregnancy
|x Complications
|x Psychological aspects.
|9 11245
|
| 700 |
1 |
|
|a Field, Peggy-Anne.
|9 11246
|
| 700 |
1 |
|
|a Marck, Patricia Beryl.
|9 11247
|
| 942 |
|
|
|2 ddc
|c BK
|
| 999 |
|
|
|c 34470
|d 34470
|
| 952 |
|
|
|0 0
|1 0
|2 ddc
|4 0
|6 155_646300000000000_UNC
|7 0
|9 53807
|a SCL
|b SCL
|c GEN
|d 2015-05-21
|e Gift: The Asia Foundation
|l 0
|o 155.6463 UNC
|p 3020001560
|r 2015-05-21
|t 1
|w 2015-05-21
|y BK
|